|
|
|
|
| LEADER |
01275nam a2200253 a 4500 |
| 001 |
GR-Patra16173 |
| 008 |
030923s2002 gr e 000 0 gre d |
| 040 |
|
|
|a GrPaTEI
|b gre
|c GR-PaULI
|
| 040 |
|
|
|a GrPaTEI
|b gre
|c GR-PaULI
|
| 100 |
1 |
|
|a Νικολάου, Αντώνιος
|
| 245 |
1 |
0 |
|a Ηλεκτρονικά συστήματα τροφοδοσίας καυσίμου :
|b τεχνολογία άμεσου ψεκασμού: τρέχουσες εξελίξεις /
|c Σπουδαστής: Νικολάου Αντώνιος ; Επιβλέπων: Ιωάννης Δ. Καλογήρου.
|
| 300 |
|
|
|a 223σ. :
|b σχημ.
|
| 504 |
|
|
|a Βιβλιογραφία: σ.221-223
|
| 650 |
|
4 |
|a ΚΑΥΣΙΜΑ
|
| 650 |
|
4 |
|a ΠΕΤΡΕΛΑΙΟΜΗΧΑΝΕΣ
|
| 650 |
|
4 |
|a Πτυχιακή εργασία
|
| 700 |
1 |
|
|a Καλογήρου, Ιωάννης
|
| 710 |
0 |
|
|a Σ.Τ.Ε.
|b Τμήμα Μηχανολογίας
|
| 710 |
0 |
|
|a Τ.Ε.Ι. Πάτρας
|
| 856 |
4 |
0 |
|u https://nereus.library.upatras.gr/formerpat/ptyxiakes/ste/ste_m/2001-2005/3422pe.pdf
|
| 942 |
|
|
|2 ddc
|
| 952 |
|
|
|0 0
|1 0
|2 ddc
|4 0
|7 1
|9 295457
|a LISK
|b LISK
|c BSC
|d 2021-01-17
|e 24
|f 0
|g 0.00
|l 0
|p 9241003422
|r 2021-01-17 00:00:00
|t 1
|w 2021-01-17
|y BKN
|x 20030923 0 0
|x GrPaTEI
|
| 971 |
|
|
|a .b26636888
|b 16-04-20
|c 23-09-16
|
| 999 |
|
|
|c 172450
|d 172450
|